The norton recordings
সংরক্ষণ করুন:
| প্রধান লেখক: | |
|---|---|
| বিন্যাস: | গ্রন্থ |
| ভাষা: | Undetermined |
| প্রকাশিত: |
New York
Sony Music Custom Marketing Group
2003
|
| বিষয়গুলি: | |
| ট্যাগগুলো: |
ট্যাগ যুক্ত করুন
কোনো ট্যাগ নেই, প্রথমজন হিসাবে ট্যাগ করুন!
|
| Thư viện lưu trữ: | Trung tâm Học liệu Trường Đại học Cần Thơ |
|---|
| LEADER | 00654nam a2200193Ia 4500 | ||
|---|---|---|---|
| 001 | CTU_172085 | ||
| 008 | 210402s9999 xx 000 0 und d | ||
| 082 | |a 780 | ||
| 082 | |b M149/CD.1 | ||
| 100 | |a Machlis, Joseph | ||
| 245 | 4 | |a The norton recordings | |
| 245 | 0 | |c Joseph Machlis | |
| 260 | |a New York | ||
| 260 | |b Sony Music Custom Marketing Group | ||
| 260 | |c 2003 | ||
| 650 | |a Music appreciation,Vocal music,Instrumental music,Đánh giá âm nhạc,Lĩnh vực âm nhạc,Nhạc cụ | ||
| 650 | |x Music collections,Bộ sưu tập nhạc | ||
| 904 | |i Hồng Cẩm | ||
| 980 | |a Trung tâm Học liệu Trường Đại học Cần Thơ | ||